[Event "Beersheba"]
[Site "Beersheba"]
[Date "1993.??.??"]
[Round "2"]
[White "Yudasin, Leonid"]
[Black "Gurevich, Dmitry"]
[Result "1-0"]
[WhiteElo "2605"]
[BlackElo "2575"]

1.e4 c5 2.Nf3 d6 3.d4 cxd4 4.Nxd4 Nf6 5.Nc3 Nc6 6.Bg5 e6 7.Qd2 Be7 8.O-O-O O-O
9.f4 h6 10.Bh4 Qc7 11.Ndb5 Qa5 12.Qe1 Rd8 13.a3 Rd7 14.Bxf6 Bxf6 15.Nxd6 Bxc3
16.Qxc3 Qxc3 17.bxc3 e5 18.f5 Kf8 19.Be2 Rc7 20.h4 a6 21.Nc4 b5 22.Nb6 Rb8
23.Nd5 Rd7 24.Rd3 Ne7 25.Ne3 Ng8 26.g4 g5 27.fxg6 fxg6 28.g5 Rf7 29.Rd8+ Kg7
30.Rf1 hxg5 31.Rxf7+ Kxf7 32.hxg5 Ne7 33.Bg4 Ra8 34.Nd5 Bb7 35.Rd7 Bxd5 36.exd5 Ke8
37.d6 Nc6 38.Rc7 Nd8 39.Rg7 Rb8 40.Rxg6 Kf7 41.Bf5 Rb6 42.Rh6 Kg8  1-0

[Event "Beersheba"]
[Site "Beersheba"]
[Date "1993.??.??"]
[Round "4"]
[White "Gulko, Boris F"]
[Black "Yudasin, Leonid"]
[Result "1/2-1/2"]
[WhiteElo "2635"]
[BlackElo "2605"]

1.c4 c5 2.Nf3 g6 3.e4 Bg7 4.d4 Qb6 5.dxc5 Qxc5 6.Be2 Nc6 7.O-O d6 8.a3 Bg4
9.Be3 Qa5 10.Ra2 Qc7 11.Nfd2 Bxe2 12.Qxe2 Rc8 13.Rc1 Nf6 14.Nc3 O-O  1/2-1/2

[Event "Beersheba"]
[Site "Beersheba"]
[Date "1993.??.??"]
[Round "5"]
[White "Yudasin, Leonid"]
[Black "Mikhalevski, Victor"]
[Result "0-1"]
[WhiteElo "2605"]
[BlackElo "2380"]

1.e4 e5 2.Nf3 Nc6 3.Bc4 Bc5 4.c3 Nf6 5.b4 Bb6 6.d3 d6 7.a4 a5 8.b5 Ne7 9.O-O O-O
10.Ba3 Ng6 11.Nbd2 Qe7 12.Re1 Bc5 13.Bxc5 dxc5 14.Qb3 Rd8 15.Rad1 Nd7 16.Qa3 Nb6
17.Re3 Nxc4 18.Nxc4 b6 19.h3 Qf6 20.Qc1 Be6 21.Nb2 Nf4 22.Kh2 Qg6 23.Ne1 Qh5
24.Rd2 Rd6 25.Qd1 Qxd1 26.Rxd1 Rad8 27.Nf3 f6 28.h4 Bb3 29.Rd2 c4 30.d4 Ne6
31.Rde2 exd4 32.cxd4 Nxd4 33.Nxd4 Rxd4 34.Rc3 Re8 35.Rce3 Kf7 36.Kg3 Ke6
37.e5 f5 38.f4 Kd5  0-1

[Event "Beersheba"]
[Site "Beersheba"]
[Date "1993.??.??"]
[Round "6"]
[White "Greenfeld, Alon"]
[Black "Yudasin, Leonid"]
[Result "1/2-1/2"]
[WhiteElo "2590"]
[BlackElo "2605"]

1.Nf3 c5 2.c4 Nf6 3.Nc3 e6 4.g3 b6 5.Bg2 Bb7 6.O-O Be7 7.d4 cxd4 8.Qxd4 Nc6
9.Qf4 O-O 10.Rd1 Qb8 11.Qxb8 Raxb8 12.Bf4 Rbc8 13.Nb5 d5 14.cxd5  1/2-1/2

[Event "Beersheba"]
[Site "Beersheba"]
[Date "1993.??.??"]
[Round "7"]
[White "Yudasin, Leonid"]
[Black "Psakhis, Lev"]
[Result "0-1"]
[WhiteElo "2605"]
[BlackElo "2585"]

1.e4 e6 2.d4 d5 3.Nd2 c5 4.Ngf3 Nf6 5.exd5 exd5 6.Bb5+ Bd7 7.Qe2+ Be7 8.dxc5 O-O
9.Nb3 Re8 10.Be3 a6 11.Bd3 Ba4 12.Nfd4 Nbd7 13.O-O-O Bxb3 14.Nxb3 Nxc5 15.Nd4 Na4
16.c3 Rc8 17.Bc2 Nb6 18.Qd3 g6 19.Nb3 Nc4 20.Bd4 Ba3 21.bxa3 Qd6 22.Nc5 Ne4
23.Qxc4 dxc4 24.Nxe4 Rxe4 25.Bxe4 Qf4+ 26.Rd2 Qxe4 27.f3 Qe7 28.Kb2 Rc6 29.h3 Re6
30.Rhd1 Re2 31.a4 f5 32.a5 Rxd2+ 33.Rxd2 Qd8 34.Re2 Qxa5 35.Re7 b5 36.Rg7+ Kf8
37.Rb7 Ke8 38.g4 Qa4 39.gxf5 gxf5 40.Rxh7 Qd1 41.Rb7 Qxf3 42.Rb6 f4 43.Ka3 Qe2
44.Rxa6 Qe7+ 45.Kb2 Qe2+ 46.Ka3 f3 47.Ra8+ Kd7 48.Ra7+ Kc6 49.Ra6+ Kd5 50.Rb6 f2
51.Rxb5+ Kd6 52.Rb6+ Kc7 53.Bxf2 Qxf2 54.Rb4 Qf7 55.Ra4 Qf8+ 56.Kb2 Qf2+
57.Ka3 Qc5+ 58.Kb2 Kc6 59.h4 Kd5 60.h5 Ke4 61.h6 Kd3 62.h7 Qf2+ 63.Ka3 Qf8+
64.Kb2 Qh8  0-1

[Event "Beersheba"]
[Site "Beersheba"]
[Date "1993.??.??"]
[Round "8"]
[White "Mikhalevski, Alexander"]
[Black "Yudasin, Leonid"]
[Result "1/2-1/2"]
[WhiteElo "2440"]
[BlackElo "2605"]

1.d4 Nf6 2.c4 e6 3.Nf3 b6 4.Nc3 Bb7 5.a3 Ne4 6.Nxe4 Bxe4 7.Ng5 Bb7 8.f3 Be7
9.Nh3 d5 10.cxd5 exd5 11.e3 O-O 12.Be2 c5 13.dxc5 bxc5 14.O-O Nd7 15.Bd2 Bd6
16.Bb5 Nb6 17.Bc3 Qh4 18.f4 Qe7 19.Re1 Rad8 20.Bd3 f6 21.b4 Bc8 22.Qc2 h6
23.bxc5 Bxc5 24.Bd4 Bxd4 25.exd4 Qd6 26.f5 Rf7 27.a4 Nc4 28.Qf2 Rb7 29.Re2 Bd7
30.Nf4 Rdb8 31.Ne6 Rb2 32.Bc2 Na3 33.Bd3 Nc4 34.Bc2 Re8 35.Rae1 Qb4 36.h3 Qc3
37.Nc5 Rxc2 38.Rxe8+ Bxe8 39.Rxe8+ Kf7 40.Qf4 Kxe8 41.Qb8+ Kf7 42.Qxa7+ Kg8
43.Qb8+ Kh7 44.Ne6 Rxg2+ 45.Kxg2 Ne3+ 46.Kf2 Nxf5 47.Nf8+ Kg8 48.Ng6+ Kf7
49.Nh8+ Ke6 50.Qg8+ Kd6 51.Qd8+ Ke6 52.Qg8+ Kd7 53.Qxd5+ Nd6 54.Nf7 Qd2+
55.Kg3 Qe1+ 56.Kg2  1/2-1/2

[Event "Beersheba"]
[Site "Beersheba"]
[Date "1993.??.??"]
[Round "9"]
[White "Yudasin, Leonid"]
[Black "Kortschnoj, Viktor"]
[Result "1/2-1/2"]
[WhiteElo "2605"]
[BlackElo "2625"]

1.e4 e6 2.d4 d5 3.Nd2 c5 4.Ngf3 Nf6 5.exd5 exd5 6.Bb5+ Bd7 7.Qe2+ Be7 8.dxc5 O-O
9.Nb3 Re8 10.Be3 a6 11.Bd3 Ba4 12.Nfd4 Nbd7 13.O-O-O Bxb3 14.Nxb3 Nxc5 15.Qf3 Nxb3+
16.axb3 Qc7 17.Kb1 Bc5 18.Bxc5  1/2-1/2

[Event "Beersheba"]
[Site "Beersheba"]
[Date "1993.??.??"]
[Round "10"]
[White "Huzman, Alexander"]
[Black "Yudasin, Leonid"]
[Result "1/2-1/2"]
[WhiteElo "2520"]
[BlackElo "2605"]

1.d4 Nf6 2.c4 e6 3.Nf3 b6 4.g3 Ba6 5.b3 Bb4+ 6.Bd2 Be7 7.Bg2 Bb7 8.Nc3 O-O
9.O-O d5 10.cxd5 exd5 11.Bf4 Na6 12.Qc2 c5 13.Rfd1 Qc8 14.Qb2 Rd8 15.Rac1 Ne4
16.dxc5 Nxc3 17.Qxc3 bxc5 18.e3 h6 19.h4 Qe6 20.Qe5 Qxe5 21.Bxe5 Nb4 22.Rd2 a5
23.Bc7 Rdc8 24.Be5 Rd8 25.Bc7 Rdc8 26.Be5 Rd8  1/2-1/2

[Event "Beersheba"]
[Site "Beersheba"]
[Date "1993.??.??"]
[Round "11"]
[White "Yudasin, Leonid"]
[Black "Chernin, Alexander"]
[Result "1-0"]
[WhiteElo "2605"]
[BlackElo "2615"]

1.e4 e6 2.d4 d5 3.Nc3 dxe4 4.Nxe4 Bd7 5.Nf3 Bc6 6.Ned2 Nf6 7.Bd3 Be7 8.O-O O-O
9.Re1 b6 10.Nc4 Bb7 11.Qe2 Nbd7 12.Bg5 c5 13.c3 cxd4 14.cxd4 Re8 15.Rac1 Rc8
16.a3 h6 17.Bf4 Nd5 18.Bg3 Nf8 19.Rcd1 b5 20.Nce5 a6 21.h3 Qb6 22.Nh2 Rcd8
23.Qh5 f5 24.Qf7+ Kh7 25.Nd7 Qc6 26.Rxe6 Qxd7 27.Bxf5+ Kh8 28.Rg6 Bg5 29.Bxd7 Re7
30.Qf5 Nxg6 31.Qxg6 Rdxd7 32.Nf3 Nf4 33.Bxf4 Bxf4 34.Qg4 Bxf3 35.Qxf3 Rxd4
36.g3 Rxd1+ 37.Qxd1 Bg5 38.Qd6 Bf6  1-0

[Event "Biel Interzonal"]
[Site "Biel"]
[Date "1993.??.??"]
[Round "3"]
[White "Yudasin, Leonid"]
[Black "Gelfand, Boris"]
[Result "1/2-1/2"]
[WhiteElo "2605"]
[BlackElo "2670"]

1.e4 c5 2.Nf3 d6 3.d4 cxd4 4.Nxd4 Nf6 5.Nc3 a6 6.Be3 e5 7.Nb3 Be6 8.f4 exf4
9.Bxf4 Nc6 10.Qd2 d5 11.exd5 Nxd5 12.Nxd5 Qxd5 13.Qxd5 Bxd5 14.O-O-O O-O-O
15.Be2 g6 16.Rhg1 Be7 17.g3 Rhe8 18.Rgf1 f5 19.Bf3  1/2-1/2

[Event "Biel Interzonal"]
[Site "Biel"]
[Date "1993.??.??"]
[Round "5"]
[White "Yudasin, Leonid"]
[Black "Ehlvest, Jaan"]
[Result "1-0"]
[WhiteElo "2605"]
[BlackElo "2620"]

1.e4 Nf6 2.e5 Nd5 3.Nc3 Nxc3 4.bxc3 c5 5.f4 Nc6 6.d4 d5 7.Nf3 Bg4 8.Be2 e6
9.O-O Be7 10.h3 Bh5 11.Rb1 Qc7 12.Be3 c4 13.g4 Bg6 14.Ne1 f6 15.f5 Bf7 16.exf6 gxf6
17.fxe6 Bxe6 18.Ng2 O-O-O 19.Nf4 Bf7 20.Bf3 Qa5 21.Qd2 Kb8 22.Kh1 Ka8 23.Bf2 Rhe8
24.Bg2 a6 25.Bg3 Rg8 26.Bh2 Rg5 27.Rbe1 Rdg8 28.Bf3 Ba3 29.Ne6 R5g6 30.Bc7 b6
31.Qg2 Ne7 32.Nd8 Rxd8 33.Bxd8 Nc6 34.Bc7 Kb7 35.Bh2 h5 36.Qg3 b5 37.Qh4 Rg5
38.gxh5 Ne7 39.Qf4 Qd8 40.Qxf6  1-0

[Event "Biel Interzonal"]
[Site "Biel"]
[Date "1993.??.??"]
[Round "7"]
[White "Yudasin, Leonid"]
[Black "Seirawan, Yasser"]
[Result "1-0"]
[WhiteElo "2605"]
[BlackElo "2575"]

1.e4 c6 2.d4 d5 3.exd5 cxd5 4.c4 Nf6 5.Nc3 Nc6 6.Bg5 dxc4 7.Bxc4 e6 8.Nf3 Be7
9.O-O O-O 10.Re1 b6 11.a3 Bb7 12.Qd3 h6 13.Be3 Bd6 14.Rad1 Ne7 15.Bc1 Rc8
16.Ba2 Ned5 17.Ne5 Nxc3 18.bxc3 Qc7 19.Bd2 Bxe5 20.Rxe5 Rfd8 21.Rde1 Ng4
22.Rh5 Bd5 23.Bb1 f5 24.Rh3 Nf6 25.f3 Qf7 26.Qe2 Bc4 27.Qf2 Rd5 28.g4 fxg4
29.fxg4 Nxg4 30.Qg2 h5 31.Rf3 Rf5 32.Rxf5 exf5 33.h3 Bd5 34.Qg3 f4 35.Bxf4 Rf8
36.Bd6 h4 37.Qxh4 Nh6 38.Bxf8 Qf3 39.Be4 Bxe4 40.Rxe4 Qxf8 41.Qe1 Kh7 42.Re5 Nf5
43.Qe4 g6 44.Rd5 Qxa3 45.Rd7+ Ng7 46.Qe5 Qc1+ 47.Kg2 Qd2+ 48.Kg3 Qd3+ 49.Kh4 g5+
50.Kg4 Qd1+ 51.Kxg5 Qh5+ 52.Kf6 Qf3+ 53.Ke7 Kg6 54.d5 Qxh3 55.Rd6+ Kh7 56.Kd8 Qg4
57.Kc7 a5 58.Rxb6 a4 59.Rb4 Qg1 60.Qe4+ Kg8 61.Rb8+ Kf7 62.Qf4+ Kg6 63.Qxa4 Qe3
64.Qg4+ Kh7 65.Qh4+ Kg6 66.Rb6+ Kf7 67.Qf6+ Kg8 68.Kb7 Qd3 69.Qc6 Kf7 70.Qc7+ Kg8
71.c4 Qe4 72.Qd8+ Kh7 73.c5 Nf5 74.Qd7+ Kh8 75.c6  1-0

[Event "Biel Interzonal"]
[Site "Biel"]
[Date "1993.??.??"]
[Round "8"]
[White "Yudasin, Leonid"]
[Black "Van der Sterren, Paul"]
[Result "1/2-1/2"]
[WhiteElo "2605"]
[BlackElo "2525"]

1.e4 e5 2.Nf3 Nc6 3.Bb5 a6 4.Ba4 Nf6 5.O-O Be7 6.Re1 b5 7.Bb3 d6 8.c3 O-O
9.d4 Bg4 10.d5 Na5 11.Bc2 Qc8 12.h3 Bd7 13.Nbd2 c6 14.dxc6 Qxc6 15.Nf1 Nc4
16.Bd3 Rac8 17.Qe2 Rfe8 18.Ng3 h6 19.b3 Nb6 20.Bd2 Bf8 21.Rac1 Qc7 22.Nh2 d5
23.Qf3 dxe4 24.Nxe4 Nxe4 25.Bxe4 Bc6 26.Ng4 Bxe4 27.Qxe4 Qd7 28.Qc2 e4 29.Be3 Nd5
30.Qd2 f5 31.Red1 Red8 32.c4 Ba3 33.Rb1 fxg4 34.Qxd5+ Qxd5 35.Rxd5 Rxd5 36.cxd5 gxh3
37.gxh3 Rc3 38.Rd1 Rd3 39.Rxd3 exd3 40.Kg2 Kf7 41.Kf3 Bb4 42.Bd4 g5 43.Ke3 d2
44.Ke2 Kg6 45.f3 Kf5 46.Bg7 h5 47.Bd4 Kf4 48.Be3+ Kf5 49.Bxd2 Bxd2 50.Kxd2 Ke5
51.Ke3 b4 52.d6 Kxd6 53.f4 g4 54.hxg4 hxg4 55.Ke4 Ke6  1/2-1/2

[Event "Biel Interzonal"]
[Site "Biel"]
[Date "1993.??.??"]
[Round "10"]
[White "Epishin, Vladimir"]
[Black "Yudasin, Leonid"]
[Result "1/2-1/2"]
[WhiteElo "2655"]
[BlackElo "2605"]

1.d4 Nf6 2.c4 e6 3.Nf3 b6 4.g3 Ba6 5.b3 Bb4+ 6.Bd2 Be7 7.Bg2 d5 8.cxd5 exd5
9.Nc3 O-O 10.O-O Bb7 11.Rc1 Nbd7 12.Bf4 c6 13.Ne5 Re8 14.e4 Nf8 15.exd5 cxd5
16.Bh3 a6 17.Na4 Bd6 18.Be3 b5 19.Nc5 Bc8 20.Bg2 Bxe5 21.dxe5 Rxe5 22.Bd4 Re8
23.Bxf6 Qxf6 24.Bxd5 Bh3 25.Bxa8 Bxf1 26.Ne4 Qh6 27.Rc6 Ne6 28.Rxa6 Bh3 29.Bd5 Qg6
30.Bxe6 fxe6 31.f3 Bf5 32.Nd6 Rd8 33.Qd4 Bh3 34.Qe4 Qf6 35.Rc6 Qa1+ 36.Kf2 Qxa2+
37.Qe2 Qxb3 38.g4 Qd5 39.Nb7 Rf8 40.Qxe6+ Qxe6 41.Rxe6 Bxg4 42.Rb6 Rxf3+
43.Kg2 h6 44.Rxb5 Rc3 45.Nd6 Kh7 46.Rb4 Bf3+ 47.Kf2 Bd5 48.Rd4 Rc2+ 49.Ke3 Ba8
50.Rd2 Rc3+ 51.Rd3 Rc1 52.Ra3 Bc6 53.Ra7 Rc3+ 54.Kd4 Rc2 55.Rc7 Rd2+ 56.Ke5 Ba4
57.Nf5 Rg2 58.Kf4 Bb3 59.Kf3 Bd5+ 60.Kf4 Be6 61.Kf3 Rg6 62.Ne3 h5 63.Rc5 Rf6+
64.Kg3 Kh6 65.Rc6 Kg6 66.Rb6  1/2-1/2

[Event "Biel Interzonal"]
[Site "Biel"]
[Date "1993.??.??"]
[Round "11"]
[White "Yudasin, Leonid"]
[Black "Gulko, Boris F"]
[Result "1-0"]
[WhiteElo "2605"]
[BlackElo "2635"]

1.e4 e6 2.d4 d5 3.Nd2 c5 4.Ngf3 cxd4 5.Nxd4 Nc6 6.Bb5 Bd7 7.Nxc6 bxc6 8.Bd3 Qc7
9.Qe2 Bd6 10.Nf3 dxe4 11.Qxe4 Nf6 12.Qh4 Rb8 13.O-O Nd5 14.Re1 Be7 15.Qg4 g6
16.c4 f5 17.Bxf5 Nf6 18.Qf4 Qxf4 19.Bxf4 Rxb2 20.Bxe6 Bc5 21.Bxd7+ Kxd7 22.Ne5+ Kc8
23.Nd3  1-0

[Event "Biel Interzonal"]
[Site "Biel"]
[Date "1993.??.??"]
[Round "12"]
[White "Yudasin, Leonid"]
[Black "Shirov, Alexei"]
[Result "1-0"]
[WhiteElo "2605"]
[BlackElo "2685"]

1.e4 c5 2.Nf3 d6 3.d4 cxd4 4.Nxd4 Nf6 5.Nc3 Nc6 6.Bg5 e6 7.Bb5 Bd7 8.Bxc6 bxc6
9.Qf3 Qb6 10.Nb3 Be7 11.e5 dxe5 12.O-O-O a5 13.Rhe1 a4 14.Nd2 h6 15.Nc4 Qb4
16.Bxf6 gxf6 17.Qd3 Rd8 18.a3 Qb8 19.Ne4 Kf8 20.Qf3 f5 21.Ned6 e4 22.Rxe4 Bc8
23.Red4 c5 24.R4d2 Ba6 25.Qc3 Rg8 26.g3 Qc7 27.Kb1 h5 28.h4 f4 29.gxf4 Bxc4
30.Nxc4 Rxd2 31.Qxd2 Bxh4 32.f5 Bg5 33.Qe2 exf5 34.Qxh5 Qe7 35.Nd6 f4 36.Qf3 Qe6
37.Ne4 Qe5 38.Nc3 Rg6 39.Nxa4 Ra6 40.Nc3 Bf6 41.Qb7 Re6 42.Qd5 Qc7 43.Ne4 Bd4
44.f3 Kg7 45.c3 Be3 46.Nd6  1-0

[Event "Groningen PCA"]
[Site "Groningen"]
[Date "1993.??.??"]
[Round "1"]
[White "Gulko, Boris F"]
[Black "Yudasin, Leonid"]
[Result "1/2-1/2"]
[WhiteElo "2635"]
[BlackElo "2605"]

1.Nf3 c5 2.g3 Nc6 3.Bg2 g6 4.d4 cxd4 5.Nxd4 Bg7 6.Nxc6 bxc6 7.c4 Qa5+ 8.Nd2 Rb8
9.Qc2 c5 10.O-O Bb7 11.Bxb7 Rxb7 12.Ne4 Qc7 13.Rb1 f5 14.Nc3 Nf6 15.e4 fxe4
16.Nxe4 O-O 17.Be3 Nxe4 18.Qxe4 Rf7 19.Bxc5 Rxb2 20.Rxb2 Bxb2 21.Qa8+ Rf8
22.Qxa7 Qxa7 23.Bxa7 Ra8 24.Rb1 Rxa7 25.Rxb2 Kf7 26.Kg2 Ra4 27.c5  1/2-1/2

[Event "Groningen PCA"]
[Site "Groningen"]
[Date "1993.??.??"]
[Round "3"]
[White "Illescas Cordoba, Miguel"]
[Black "Yudasin, Leonid"]
[Result "0-1"]
[WhiteElo "2625"]
[BlackElo "2605"]

1.e4 c5 2.Nf3 d6 3.d4 cxd4 4.Nxd4 Nf6 5.Nc3 Nc6 6.Be2 e5 7.Nf3 h6 8.O-O Be7
9.Re1 O-O 10.h3 Be6 11.Bf1 Nb8 12.Nd5 Nxd5 13.exd5 Bf5 14.c4 Nd7 15.a3 Bf6
16.Be3 a6 17.b4 e4 18.Nd4 Bg6 19.Qb3 Rc8 20.Rac1 Ne5 21.c5 Nd3 22.Bxd3 exd3
23.Nf3 Re8 24.Nd2 Bg5 25.Qc4 b5 26.Qa2 dxc5 27.bxc5 Re5 28.f4 Rxe3 29.Rxe3 Bxf4
30.Rf3 Qg5 31.Rxf4 Qxf4 32.c6 Re8 33.Rf1 Qd4+ 34.Kh1 Re2 35.c7 Qc5 36.d6 Qc6
37.Rf3 Re8  0-1

[Event "Groningen PCA"]
[Site "Groningen"]
[Date "1993.??.??"]
[Round "5"]
[White "Topalov, Veselin"]
[Black "Yudasin, Leonid"]
[Result "1/2-1/2"]
[WhiteElo "2650"]
[BlackElo "2605"]

1.e4 c6 2.d4 d5 3.exd5 cxd5 4.c4 Nf6 5.Nc3 e6 6.Nf3 Bb4 7.cxd5 Nxd5 8.Qc2 Nc6
9.a3 Be7 10.Bd3 Nf6 11.O-O O-O 12.Rd1 Bd7 13.Ne5 a6 14.Be3 Qc7 15.Nxd7 Qxd7
16.d5 exd5 17.Bf5 Qd6 18.Ne4 Qe5 19.Nxf6+ Bxf6 20.Bxh7+ Kh8 21.Bd3 Qxb2 22.Rab1 Qxc2
23.Bxc2 d4 24.Bf4 b5  1/2-1/2

[Event "Groningen PCA"]
[Site "Groningen"]
[Date "1993.??.??"]
[Round "6"]
[White "Yudasin, Leonid"]
[Black "Ehlvest, Jaan"]
[Result "1-0"]
[WhiteElo "2605"]
[BlackElo "2620"]

1.e4 c5 2.Nf3 d6 3.d4 cxd4 4.Qxd4 a6 5.Be3 Nf6 6.Nc3 Nbd7 7.Bc4 e6 8.O-O Qc7
9.a3 Be7 10.Ba2 O-O 11.Rfe1 b5 12.Rad1 Bb7 13.Bg5 Rfd8 14.Bh4 Rac8 15.h3 Nc5
16.Nd2 Bc6 17.b4 Ncd7 18.Ncb1 Qb6 19.Nb3 Ba8 20.Re2 Qb8 21.Na5 Ne5 22.Bg3 Nh5
23.Bh2 Bg5 24.Bb3 Bf4 25.Bxf4 Nxf4 26.Re3 d5 27.exd5 Neg6 28.Nc3 Nh4 29.d6 Nfxg2
30.Red3 Rd7 31.Ne4 Rcd8 32.Rg3 Nf5 33.Nf6+ Kh8 34.Nxd7 Rxd7 35.Qc5 Nf4 36.Rg4 Nxh3+
37.Kh2 h5 38.Rh4 Nxh4 39.Qxh5+ Kg8 40.Qxh4 Rxd6 41.Qg3 Nf4 42.Qxf4  1-0

[Event "Groningen PCA"]
[Site "Groningen"]
[Date "1993.??.??"]
[Round "9"]
[White "Akopian, Vladimir"]
[Black "Yudasin, Leonid"]
[Result "1/2-1/2"]
[WhiteElo "2600"]
[BlackElo "2605"]

1.d4 Nf6 2.Nf3 e6 3.c4 b6 4.a3 Bb7 5.Nc3 d5 6.cxd5 exd5 7.g3 Be7 8.Bg2 O-O
9.O-O Na6 10.Bf4 c5 11.Rc1 Nc7 12.dxc5 bxc5 13.Qb3 Rb8 14.Rfd1 Bd6 15.Bxd6 Qxd6
16.Qc2 Rfc8 17.e4 Qe7 18.exd5 Ncxd5 19.Re1 Qf8 20.Ne5 Nxc3 21.Bxb7 Rxb7 22.Qxc3 Nd7
23.b4 Nxe5 24.Rxe5 c4 25.Rc5  1/2-1/2

[Event "Groningen PCA"]
[Site "Groningen"]
[Date "1993.??.??"]
[Round "10"]
[White "Yudasin, Leonid"]
[Black "Azmaiparashvili, Zurab"]
[Result "1/2-1/2"]
[WhiteElo "2605"]
[BlackElo "2630"]

1.d4 f5 2.c4 Nf6 3.Nf3 e6 4.Nc3 Bb4 5.Qb3 a5 6.g3 b6 7.Bg2 Bb7 8.O-O O-O
9.Bg5 Bxc3 10.Qxc3 h6 11.Bxf6 Qxf6 12.Rac1 d6 13.Rfd1 Be4 14.c5 bxc5 15.dxc5 Qxc3  1/2-1/2

[Event "Groningen PCA"]
[Site "Groningen"]
[Date "1993.??.??"]
[Round "11"]
[White "Polugaevsky, Lev"]
[Black "Yudasin, Leonid"]
[Result "1/2-1/2"]
[WhiteElo "2605"]
[BlackElo "2605"]

1.d4 d5 2.c4 e6 3.Nc3 Be7 4.Nf3 Nf6 5.Bg5 Nbd7 6.e3 Ne4 7.Bxe7 Qxe7 8.Qc2 Nxc3
9.Qxc3 dxc4 10.Bxc4 O-O 11.O-O c5 12.dxc5 Nxc5 13.Rfd1 Bd7 14.Ne5 Rfc8  1/2-1/2

[Event "Haifa"]
[Site "Haifa"]
[Date "1993.??.??"]
[Round "?"]
[White "Yudasin, Leonid"]
[Black "Alterman, Boris"]
[Result "0-1"]
[WhiteElo "2610"]
[BlackElo "2600"]

1.e4 c5 2.Nf3 d6 3.d4 cxd4 4.Nxd4 Nf6 5.Nc3 g6 6.Be3 Bg7 7.f3 O-O 8.Qd2 Nc6
9.Bc4 Bd7 10.O-O-O Rc8 11.Bb3 Ne5 12.h4 h5 13.Bg5 Rc5 14.g4 hxg4 15.f4 Nc4
16.Qe2 b5 17.f5 Qa5 18.Bxf6 Bxf6 19.Qxg4 Kg7 20.Qg3 Be5 21.Qf3 e6 22.h5 g5
23.fxe6 Bf4+ 24.Kb1 fxe6 25.Qh3 Kh6 26.Nd5 Nd2+ 27.Ka1 Be5 28.Qd3 Nc4 29.Ne3 Nxe3
30.Qxe3 Qd8 31.Nf3 Rxf3 32.Qxf3 Qe7 33.Rdf1 Bf4 34.Qd3 Qg7 35.c3 Qe5 36.Rhg1 Rc8
37.a3 Rf8 38.Qd4 Qxd4 39.cxd4 Rc8 40.Kb1 a5 41.Rf3 a4 42.Bc2 e5 43.dxe5 Bxe5
44.Bd3 Be6 45.Rgf1 Bc4 46.Bxc4 Rxc4 47.Re1 b4 48.axb4 Rxb4 49.Re2 Kxh5 50.Ka2 g4
51.Rf8 Kh4 52.Ra8 g3 53.Rg8 Rb7 54.Ka3 Rb3+ 55.Ka2 Rf3 56.Rc2 Rf2 57.Rc7 Rxb2+
58.Ka3 Kh3 59.Kxa4 Kh2 60.Rh7+ Kg1 61.Rh4 g2 62.Rhg4 Kh1 63.Ka3 Rd2 64.Kb3 Bd4
65.Rh4+ Kg1 66.Rh6 Be5 67.Rg4 Rd3+ 68.Kc4 Rg3 69.Rgh4 Kf1 70.Kd5 g1=Q 71.Rh1 Kf2  0-1

[Event "Haifa"]
[Site "Haifa"]
[Date "1993.??.??"]
[Round "?"]
[White "Yudasin, Leonid"]
[Black "Huzman, Alexander"]
[Result "1/2-1/2"]
[WhiteElo "2610"]
[BlackElo "2510"]

1.e4 e5 2.Nf3 Nc6 3.Bb5 a6 4.Ba4 Nf6 5.O-O Be7 6.Re1 b5 7.Bb3 d6 8.c3 O-O
9.d4 Bg4 10.Be3 exd4 11.cxd4 Na5 12.Bc2 c5 13.dxc5 dxc5 14.Nbd2 Nd7 15.h3 Bh5
16.Qb1 Re8 17.e5 Nf8 18.Bf5 Bg6 19.Qe4 Bxf5 20.Qxf5 Qd7 21.Qc2 Qc6 22.a4 Ne6
23.Ne4  1/2-1/2

[Event "Las Palmas3"]
[Site "Las Palmas"]
[Date "1993.??.??"]
[Round "1"]
[White "Yudasin, Leonid"]
[Black "Krasenkow, Michal"]
[Result "0-1"]
[WhiteElo "2605"]
[BlackElo "2595"]

1.c4 g6 2.Nc3 c5 3.g3 Bg7 4.Bg2 Nc6 5.a3 d6 6.Rb1 Be6 7.d3 Qd7 8.Bd2 Nf6
9.b4 Rc8 10.Nf3 b6 11.Ng5 Bf5 12.e4 Bg4 13.f3 h6 14.Nxf7 Kxf7 15.fxg4 Qxg4
16.Qxg4 Nxg4 17.Bh3 h5 18.O-O+ Bf6 19.Nd5 Kg7 20.Kg2 Nce5 21.Bc3 Nd7 22.Bxf6+ exf6
23.bxc5 Rxc5 24.Rb2 Ra5 25.Ra2 Rc8 26.Rf4 Nde5 27.d4 Nd3 28.Rf1 Rxc4 29.Bxg4 hxg4
30.Nxf6 Rxd4 31.Nxg4 Rxe4 32.Nf2 Nxf2 33.Raxf2 Rxa3 34.Rf7+ Kh6 35.Rd7 Re2+
36.Kh3 Raa2 37.Kg4 Rxh2 38.Rxd6 Ra4+ 39.Rf4 Rxf4+ 40.gxf4 Rh5 41.Kf3 Rb5
42.Kg4 a5 43.f5 Rxf5 44.Rxb6 Rc5 45.Ra6 Rc4+ 46.Kf3 a4 47.Ra5 g5 48.Ra8 g4+  0-1

[Event "Las Palmas3"]
[Site "Las Palmas"]
[Date "1993.??.??"]
[Round "3"]
[White "Izeta Txabarri, Felix"]
[Black "Yudasin, Leonid"]
[Result "1-0"]
[WhiteElo "2510"]
[BlackElo "2605"]

1.d4 Nf6 2.Nf3 e6 3.c4 b6 4.e3 Bb7 5.Bd3 c5 6.O-O Be7 7.Nc3 cxd4 8.exd4 d5
9.cxd5 Nxd5 10.Qe2 Nc6 11.Rd1 Nxc3 12.bxc3 O-O 13.c4 Bf6 14.Bb2 Re8 15.Ne5 Rc8
16.Bxh7+ Kxh7 17.Qh5+ Kg8 18.Qxf7+ Kh7 19.Qxb7 Qc7 20.Qxc7 Rxc7 21.Ng4 Na5
22.Nxf6+ gxf6 23.c5 Nc4 24.cxb6 axb6 25.Bc1 Ra8 26.Re1 Rc6 27.Re2 Kg6 28.h4 Kf5
29.Rb1 Ra5 30.g3 Rd5 31.Be3 Na3 32.Rd1 Nb5 33.Red2 Nd6 34.Rd3 b5 35.Kg2 Rc4
36.h5 Nf7 37.f3 e5 38.dxe5 Rxd3 39.Rxd3 Nxe5 40.g4+ Ke6 41.Rb3 Rc2+ 42.Kg3 Rxa2
43.Bf4 Nc6 44.Rxb5 Nd4 45.Rb6+ Kf7 46.Be3 Ne2+ 47.Kh3 Ra3 48.Rb7+ Kg8 49.Re7 Rb3
50.g5 fxg5 51.h6 Nf4+ 52.Kg4 Rb4 53.Kxg5 Nd5 54.Bc5 Rc4 55.Rg7+ Kh8 56.Bd6 Rc1
57.Be5 Rg1+ 58.Kf5 Rxg7 59.Bxg7+ Kh7 60.f4 Nc7 61.Kf6 Nb5 62.Ke6 Nc7+ 63.Ke5 Na6
64.Bf8 Nc7 65.f5 Na8 66.Be7 Nb6 67.Bg5 Nd7+ 68.Kd6 Nb6 69.Bf4 Na4 70.f6 Kg6
71.h7 Kxh7 72.f7  1-0

[Event "Las Palmas3"]
[Site "Las Palmas"]
[Date "1993.??.??"]
[Round "6"]
[White "Yudasin, Leonid"]
[Black "Van Wely, Loek"]
[Result "1-0"]
[WhiteElo "2605"]
[BlackElo "2585"]

1.e4 d6 2.d4 Nf6 3.Nc3 g6 4.Be3 Bg7 5.Qd2 c6 6.f3 Nbd7 7.g4 e5 8.h4 O-O 9.h5 exd4
10.Bxd4 Ne5 11.hxg6 fxg6 12.O-O-O Qe7 13.Be3 Be6 14.Be2 Rad8 15.Bh6 d5 16.Bxg7 Qxg7
17.Nh3 d4 18.Ng5 Qe7 19.Nb1 Bxa2 20.f4 d3 21.Bxd3 Nexg4 22.Nc3 Be6 23.Qe2 b5
24.f5 Rxd3 25.Rxd3 Bc4 26.Nxh7 Bxd3 27.cxd3 Nxh7 28.Qxg4 Rf6 29.Ne2 Nf8 30.Nf4 Qg7
31.Rg1 Kf7 32.Kb1 Qh6 33.Nxg6 Nxg6 34.fxg6+ Rxg6 35.Qd7+ Kg8 36.Qc8+ Kh7
37.Qc7+ Qg7 38.Rh1+ Kg8 39.Qb8+ Kf7 40.Qxa7+ Ke6 41.Qc5 Kf7 42.Rf1+ Kg8 43.Qf5 Rg1
44.Rxg1 Qxg1+ 45.Kc2 Qh2+ 46.Kc3 Qd6 47.b4 Qh6 48.Qc8+ Kf7 49.Qd7+ Kf8 50.Kd4 Qc1
51.Ke5 Qb2+ 52.Qd4 Qh2+ 53.Ke6  1-0

[Event "Leon"]
[Site "Leon"]
[Date "1993.??.??"]
[Round "1"]
[White "Yudasin, Leonid"]
[Black "Vyzmanavin, Alexey"]
[Result "1/2-1/2"]
[WhiteElo "2610"]
[BlackElo "2620"]

1.e4 c5 2.Nf3 Nc6 3.Bb5 g6 4.O-O Bg7 5.Bxc6 dxc6 6.d3 e5 7.Be3 Qe7 8.a4 Nf6
9.Na3 O-O 10.Rb1 Rd8 11.Qe1 Bg4 12.Nd2 Be6 13.Ndc4 Nd7 14.Na5 Nb8 15.Kh1 Na6
16.f3 Nb4 17.Qf2 b6 18.N5c4 Qb7 19.Qg3 Bxc4 20.dxc4 Qe7 21.Rfd1 Na6 22.Qe1 Nc7
23.Rxd8+ Rxd8 24.Rd1 Rxd1 25.Qxd1 Ne6 26.c3 h5  1/2-1/2

[Event "Leon"]
[Site "Leon"]
[Date "1993.??.??"]
[Round "2"]
[White "Topalov, Veselin"]
[Black "Yudasin, Leonid"]
[Result "1/2-1/2"]
[WhiteElo "2635"]
[BlackElo "2610"]

1.e4 c5 2.Nf3 d6 3.d4 cxd4 4.Nxd4 Nf6 5.Nc3 Nc6 6.Bg5 e6 7.Qd2 Be7 8.O-O-O O-O
9.f4 Nxd4 10.Qxd4 Qa5 11.Bc4 Bd7 12.e5 dxe5 13.fxe5 Bc6 14.Bd2 Nd7 15.Nd5 Qd8
16.Nxe7+ Qxe7 17.Rhe1 Qc5 18.Qxc5 Nxc5 19.Be3 Nd7 20.Bf1 Rfc8 21.Bf2 h6 22.b3 b6
23.Rd4 Kf8 24.Kb2 Nc5 25.Red1 Ke8 26.Rg4 Kf8 27.Rc4 Bd5 28.Rcd4 Ke8 29.Bh4 Bc6
30.Rd6 Nb7 31.R6d4 Nc5 32.a3 Nd7 33.Ba6 Rc7 34.Bf1 Rb8 35.Rd6 Rcc8 36.a4 Rc7
37.R1d4 g5 38.Bg3 Ke7 39.Rc4 Rbc8 40.h4 Bb7 41.Rxc7 Rxc7 42.hxg5 hxg5 43.Rd4 Nc5
44.Be1 Rd7 45.Rxd7+ Kxd7 46.Kc3 Be4 47.Bb5+ Kc7 48.Be8 Bg6 49.b4 Nd7 50.Kd4 Kd8  1/2-1/2

[Event "Leon"]
[Site "Leon"]
[Date "1993.??.??"]
[Round "3"]
[White "Yudasin, Leonid"]
[Black "Sion Castro, Marcelino"]
[Result "1-0"]
[WhiteElo "2610"]
[BlackElo "2390"]

1.e4 c5 2.Nf3 d6 3.d4 cxd4 4.Nxd4 Nf6 5.Nc3 Nc6 6.Bc4 e6 7.Be3 a6 8.Qe2 Qc7
9.O-O-O Be7 10.Bb3 Na5 11.g4 b5 12.g5 Nxb3+ 13.axb3 Nd7 14.h4 b4 15.Na4 Nc5
16.f3 Bd7 17.Kb1 Bxa4 18.bxa4 Nxa4 19.h5 Nc5 20.Qc4 Rc8 21.Qxb4 O-O 22.Qc4 Qb7
23.Qa2 Rb8 24.Rhg1 Qd7 25.Nf5 exf5 26.Bxc5 fxe4 27.fxe4 Rb5 28.Ba3 Rxg5 29.Rxg5 Bxg5
30.e5 Qg4 31.Qd5 Qf5 32.exd6 Qxd5 33.Rxd5 h6 34.d7 Rd8 35.Bb4 Rb8 36.Rxg5 hxg5
37.Be7 g4 38.Kc1 f5 39.Kd2 Kf7 40.d8=Q Rxd8+ 41.Bxd8 f4 42.Bg5  1-0

[Event "Oviedo rapid"]
[Site "Oviedo"]
[Date "1993.??.??"]
[Round "3"]
[White "Yudasin, Leonid"]
[Black "Fedorov, Vladislav"]
[Result "1-0"]
[WhiteElo "2605"]
[BlackElo "2440"]

1.e4 e5 2.Nf3 Nc6 3.Bb5 Nf6 4.d3 d6 5.c3 Bd7 6.O-O Be7 7.Re1 O-O 8.h3 h6
9.Nbd2 Nh7 10.Ba4 Ng5 11.d4 Bf6 12.Nxg5 Bxg5 13.Nf3 Bxc1 14.Rxc1 Qe7 15.a3 a6
16.b4 b5 17.Bb3 a5 18.Bd5 Ra7 19.Qd3 Nd8 20.Rcd1 c6 21.Bb3 c5 22.bxc5 dxc5
23.Bd5 cxd4 24.cxd4 b4 25.axb4 axb4 26.Nxe5 Re8  1-0